Identifying and Assessing Managerial Value Orientations: A Cross-Generational Replication Study of Key Organizational Decision-Makers’ Values

This research investigates managerial value orientations (MVO) using the Rokeach Value Survey to assess the importance managers assign to various values. While prior work and select organizational theory posit that MVO will not change over time, the data are analyzed to determine if the MVO of mid-...

Full description

Saved in:  
Bibliographic Details
Main Author: Weber, James 1953- (Author)
Format: Electronic Article
Language:English
Check availability: HBZ Gateway
Interlibrary Loan:Interlibrary Loan for the Fachinformationsdienste (Specialized Information Services in Germany)
Published: 2015
In: Journal of business ethics
Year: 2015, Volume: 132, Issue: 3, Pages: 493-504
Further subjects:B Managerial value orientation
B Rokeach Value Survey
B Values
B Cross-generational comparison
Online Access: Volltext (JSTOR)
Volltext (lizenzpflichtig)

MARC

LEADER 00000caa a22000002c 4500
001 1785656201
003 DE-627
005 20250324050422.0
007 cr uuu---uuuuu
008 220112s2015 xx |||||o 00| ||eng c
024 7 |a 10.1007/s10551-014-2364-8  |2 doi 
035 |a (DE-627)1785656201 
035 |a (DE-599)KXP1785656201 
035 |a (DE-He213)s10551-014-2364-8-e 
040 |a DE-627  |b ger  |c DE-627  |e rda 
041 |a eng 
084 |a 1  |2 ssgn 
100 1 |8 1\p  |e VerfasserIn  |0 (DE-588)170472698  |0 (DE-627)060567864  |0 (DE-576)131357441  |4 aut  |a Weber, James  |d 1953- 
109 |a Weber, James 1953- 
245 1 0 |a Identifying and Assessing Managerial Value Orientations: A Cross-Generational Replication Study of Key Organizational Decision-Makers’ Values 
264 1 |c 2015 
336 |a Text  |b txt  |2 rdacontent 
337 |a Computermedien  |b c  |2 rdamedia 
338 |a Online-Ressource  |b cr  |2 rdacarrier 
520 |a This research investigates managerial value orientations (MVO) using the Rokeach Value Survey to assess the importance managers assign to various values. While prior work and select organizational theory posit that MVO will not change over time, the data are analyzed to determine if the MVO of mid- to upper-level managers, the key decision-makers in most organizations, has remained generally the same or has changed from one generation to another. The results show that the MVO of managers from 1990 is significantly different than the MVO of managers today. The greatest difference lies in the MVO area of competence versus moral values, with more managers emphasizing a moral value orientation than previously. Therefore, the data indicate there is a noticeable shift in MVO over the past 20+ years (late 1980s to early 2010s). The implications of the results reported are discussed, along with suggestions for future managerial values research. 
650 4 |a Cross-generational comparison 
650 4 |a Rokeach Value Survey 
650 4 |a Managerial value orientation 
650 4 |a Values 
773 0 8 |i Enthalten in  |t Journal of business ethics  |d Dordrecht : Springer, 1982  |g 132(2015), 3, Seite 493-504  |h Online-Ressource  |w (DE-627)270937129  |w (DE-600)1478688-6  |w (DE-576)121465284  |x 1573-0697  |7 nnas 
773 1 8 |g volume:132  |g year:2015  |g number:3  |g pages:493-504 
856 |3 Volltext  |u http://www.jstor.org/stable/24703606  |x JSTOR 
856 4 0 |u https://doi.org/10.1007/s10551-014-2364-8  |x Resolving-System  |z lizenzpflichtig  |3 Volltext  |7 1 
883 |8 1\p  |a cgwrk  |d 20250301  |q DE-101  |u https://d-nb.info/provenance/plan#cgwrk 
935 |a mteo 
951 |a AR 
ELC |a 1 
ITA |a 1  |t 1 
LOK |0 000 xxxxxcx a22 zn 4500 
LOK |0 001 4033715096 
LOK |0 003 DE-627 
LOK |0 004 1785656201 
LOK |0 005 20220112043834 
LOK |0 008 220112||||||||||||||||ger||||||| 
LOK |0 035   |a (DE-Tue135)IxTheo#2021-12-30#E8CE2340D144A17EDF39F2B91164053CC2485924 
LOK |0 040   |a DE-Tue135  |c DE-627  |d DE-Tue135 
LOK |0 092   |o n 
LOK |0 852   |a DE-Tue135 
LOK |0 852 1  |9 00 
LOK |0 866   |x JSTOR#http://www.jstor.org/stable/24703606 
LOK |0 935   |a ixzs  |a ixrk  |a zota 
LOK |0 939   |a 12-01-22  |b l01 
ORI |a SA-MARC-ixtheoa001.raw